| 000 | 00683nam a2200241Ia 4500 | ||
|---|---|---|---|
| 003 | OSt | ||
| 005 | 20220927110407.0 | ||
| 006 | a|||||r|||| 00| 0 | ||
| 007 | ta | ||
| 008 | 220926b |||||||| |||| 00| 0 eng d | ||
| 024 | _a55442 | ||
| 037 | _cReports | ||
| 040 |
_aRTL _cRTL _beng |
||
| 041 |
_2eng _aeng |
||
| 082 | _a"X:97D.3.M.N8, M6" | ||
| 100 |
_aWillman Paul _9377499 |
||
| 245 | 0 | _a"Technological change, collective bargaining and in" | |
| 260 |
_aOxford _bClarendon _c1986 |
||
| 300 |
_a"xvi,282p Bib p 260-75" _ccm. |
||
| 650 | _aTrade Unions | ||
| 942 |
_h"X:97D.3.M.N8, M6" _cCC |
||
| 999 |
_c696278 _d696278 |
||